<?xml version="1.0" encoding="UTF-8"?>
<marc:record xmlns:marc="http://www.loc.gov/MARC21/slim">
   <marc:leader>00000nam a2200000 a 4500</marc:leader>
   <marc:datafield ind1="1" ind2=" " tag="100">
      <marc:subfield code="a">Lasky, Kathryn</marc:subfield>
      <marc:subfield code="4">aut</marc:subfield>
      <marc:subfield code="e">Verfasser/-in</marc:subfield>
   </marc:datafield>
   <marc:datafield ind1="0" ind2="0" tag="245">
      <marc:subfield code="a">Die Spur der Donnerhufe</marc:subfield>
   </marc:datafield>
   <marc:datafield ind1="0" ind2="0" tag="245">
      <marc:subfield code="b">Sternenfeuer</marc:subfield>
   </marc:datafield>
   <marc:datafield ind1=" " ind2="1" tag="264">
      <marc:subfield code="b">Ravensburger</marc:subfield>
      <marc:subfield code="c">2017</marc:subfield>
   </marc:datafield>
   <marc:datafield ind1="1" ind2=" " tag="490">
      <marc:subfield code="a">Die Spur der Donnerhufe</marc:subfield>
   </marc:datafield>
   <marc:datafield ind1="1" ind2=" " tag="520">
      <marc:subfield code="a">HÖRE DEN RUF DER FREIHEIT. ENTDECKE EIN NEUES LAND. 
FOLGE DER SPUR DER DONNERHUFE.

Endlich den Wind in der Mähne spüren! Estrella und ihre Herde galoppieren zum Weideland des süßen Grases. Doch bei einem Waldbrand wird der Hengst Espero verletzt. Zu allem Unglück wird die Herde auch noch von einem Kojoten belauert und die Männer des El Miedo kommen immer näher. Nur der Junge Tijo kann die Pferde vor einer erneuten Gefangenschaft retten. Aber können sie einem Menschenkind vertrauen?</marc:subfield>
   </marc:datafield>
   <marc:datafield ind1="3" ind2=" " tag="024">
      <marc:subfield code="a">9783473369478</marc:subfield>
   </marc:datafield>
</marc:record>
